| 000 | 00000nam##2200000za#4500 |
| 001 | 9.614647 |
| 003 | CaOODSP |
| 005 | 20200327133948 |
| 007 | ta |
| 008 | 150406|1998||||xxc||||| f|0| 0 eng|d |
| 022 | |a0706-6457 |
| 040 | |aCaOODSP|beng |
| 043 | |an-cn--- |
| 086 | 1 |aFs97-6/2237E |
| 110 | 1 |aCanada. |bDepartment of Fisheries and Oceans. |
| 245 | 10|aLocal adaptation and sexual dimorphism in the Waved Whelk (buccinum undatum) in Atlantic Nova Scotia with applications to fisheries management / |cby E. Kenchington and A. Glass. |
| 260 | |aOttawa - Ontario : |bFisheries and Oceans Canada |c1998. |
| 300 | |aiv, 43p. : |bgraphs, references, tables ; |c28 cm. |
| 490 | 1 |aCanadian technical report of fisheries and aquatic sciences|x0706-6457|v2237 |
| 500 | |aPrepared at the Invertebrate Fisheries Division, Science Branch, Maritimes Region, Department of Fisheries and Oceans, Bedford Institute of Oceanography, P.O. Box 1006, Dartmouth, Nova Scotia B2Y 4A2. |
| 546 | |aRésumé en français |
| 563 | |aSoftcover |
| 590 | |a98-47|b1998-11-20 |
| 720 | 1 |aKenchington, E. |
| 720 | 1 |aGlass, A. |
| 776 | 0#|tLocal adaptation and sexual dimorphism in the waved whelk (Buccinum undatum) in Atlantic Nova Scotia with applications to fisheries management / |w(CaOODSP)9.574003 |
| 830 | #0|aCanadian technical report of fisheries and aquatic sciences,|x0706-6457|v2237|w(CaOODSP)9.514691 |